Poskytovanie služieb ERP systémov pre malé a stredné podniky pomocou cloudu

Funkcionalita ERP systému a procesné oblasti v malých a stredných podnikoch. Stručný prehľad jednotlivých modelov cloud computingu.

Salvato in:
Dettagli Bibliografici
Autore principale: Martiško, Bohuslav
Altri autori: Höfer, Pavol
Natura: Capitolo di libro
Lingua:slovacco
Soggetti:
Tags: Aggiungi Tag
Nessun Tag, puoi essere il primo ad aggiungerne!!

MARC

LEADER 00000naa a2200000 4500
001 0168340
005 20240502072931.3
041 0 |a slo 
044 |a SK 
245 1 0 |a Poskytovanie služieb ERP systémov pre malé a stredné podniky pomocou cloudu  |c Bohuslav Martiško, Pavol Höfer 
520 |a Funkcionalita ERP systému a procesné oblasti v malých a stredných podnikoch. Stručný prehľad jednotlivých modelov cloud computingu. 
610 2 0 |a podnik stredný 
610 2 0 |a podnik malý 
610 2 0 |a systémy informačné podnikové 
610 2 0 |a softvér 
100 1 |a Martiško, Bohuslav 
700 1 |a Höfer, Pavol